01407nam a2200337 a 450000100080000000500110000800800410001902200140006010000150007424501160008926000430020530000100024849000400025852004080029865000200070665000250072665000150075165000310076665000330079765000230083065000310085365000210088465300190090565300170092465300230094165300230096465300260098765300190101365300180103265300190105012149282021-10-05 2002 bl uuuu u0uu1 u #d a1517-51111 aSPERRY, S. aFábricas artesanaisbestratégia da agricultura familiar a ser interpretada e explorada com maior eficiência. aPlanaltina, DF: Embrapa Cerradosc2002 a51 p. a[Embrapa Cerrados. Documentos, 60). aA pesquisa sobre as fábricas artesanais; Alguns resultados das fábricas artesanais de Silvânia; Resgate dos conhecimentos tradicionais e valorização da cultura local; Funcionamento independente do setor externo; Incremento da produção agropecuária, do trabalho e da renda familiar; Elevação da auto-estima, do cosmopolitismo e da profissionalização; Resultados; Conclusões; Recomendações. arural sociology aAgricultura Familiar aArtesanato aDesenvolvimento Econômico aDesenvolvimento Sustentável aIndústria Caseira aPlanejamento Participativo aSociologia Rural aAgroindústria aAgroindustry aAspecto econômico aEconomic situation aOrganization dynamics aProdutor rural aSmall farmers aSustainability